banner-ar

تاريخ الازياء القديم / (Record no. 59754)

MARC details
000 -الفاتح
حقل البيانات ثابتة الطول 00736nam a22002177a 4500
005 - وقت وتاريخ اخر تعامل مع التسجيلة
رقم الضبط 20240530110334.0
008 - عناصر البيانات ثابتة الطول - معلومات عامة
حقل البيانات ثابتة الطول 140617s2013 jo o|||g |||| 00| 0 ara d
040 ## - مصدر الفهرسة
وكالة الفهرسة الأصلية EG-CAGPL
وكالة النسخ EG-CAGPL
082 04 - رقم تصنيف ديوى العشرى
رقم التصنيف 391.009
رقم المادة م ت
رقم الطبعة 21
100 0# - المدخل الرئيسى - إسم شخصى
الإسم الشخصى محمد حسين جودى
245 0# - بيان العنوان
العنوان تاريخ الازياء القديم /
بيان المسئوليه,etc محمد حسين جودى
250 ## - بيان الطبعة
بيان الطبعة ط1
260 ## - PUBLICATION, DISTRIBUTION, ETC. (IMPRINT)
تاريخ النشر أو التوزيع 2013
300 ## - الوصف المادى
التعداد 202 ص:
تفاصيل ماديه اخرى للوعاء صور ؛
أبعاد الوعاء 24 سم
650 #7 - المدخل الاضافى بالموضوع-مصطلح موضوعى
مصدر الرأس أو المصطلح qrmak
مصطلح موضوعي الازياء
التقسيم الفرعي العام تاريخ
650 #7 - المدخل الاضافى بالموضوع-مصطلح موضوعى
مصدر الرأس أو المصطلح qrmak
مصطلح موضوعي الازياء الفرعونية
650 #7 - المدخل الاضافى بالموضوع-مصطلح موضوعى
مصدر الرأس أو المصطلح qrmak
مصطلح موضوعي الازياء الاسلامية
942 ## - عناصر المدخل الإضافي( كوها)
مصدر التصنيف او مخطط الترفيف Dewey Decimal Classification
Koha [default] item type كتاب
260 ## - PUBLICATION, DISTRIBUTION, ETC. (IMPRINT)
-- الاردن :
-- دار صفاء للنشر والتوزيع ،
Holdings
حالة التراجع حالة الفقد حالة تلف ليس للاعارة المكان المؤقت الموقع الحالى تاريخ الاكتساب اجمالي اﻻعارات رقم الطلب الباركود تاريخ اخر مشاهدة تاريخ تفعيل السعر نوع وعاء كوها
        مكتبة القاهرة الكبرى مكتبة القاهرة الكبرى 06/17/2014   391.009 م ت 158649 06/17/2014 06/17/2014 كتاب

Powered By

EGPV